000 00278nam a2200109Ia 4500
008 200302s9999 xx 000 0 und d
100 _aEthel Seno
245 _aTrespass A History of Uncommissioned Urban Art
260 _bTaschen Verlog Gmbh
260 _c2010
300 _a318 P.,
999 _c2999
_d2999